000 00622cam a22002051 4500
001 gs 07000015
003 DLC
005 20260227111305.0
008 890720s1874 mau 000 0 eng c
010 _ags 07000015
035 _a(OCoLC)20047354
040 _aU.S. Geol. Survey. Libr.
_cCPT
_dCPT
_dDLC
042 _apremarc
050 0 0 _aQC895
_b.C2 1874
110 2 _aGeological Survey of California.
245 0 0 _aContributions to barometric hypsometry;
_bwith tables for use in California.
260 _a[Cambridge, Mass.,
_bUniversity Press]
_c1874.
300 _a88 p.
_c28 cm.
650 0 _aBarometric hypsometry.
999 _c24550
_d24550